000 00648nam a2200193Ia 4500
005 20250326144933.0
008 250326s9999 xx 000 0 und d
020 _a0-7126-2131-8
037 _aTextbook
040 _aFMSL
_beng
_cFMSL
041 _aeng
_2eng
084 _aX:8D P3
_qFMSL
100 _aRajan R G
_9747826
245 0 _aSaving capitalism from the capitalists : How open fi cial markets challenges the establishment and spread prosperity to rich and poor alike
_cRajan R G; Zingales L
260 _aNew Delhi
_bNew Delhi, Random House
_c2003
300 _axi,369
942 _cTB
_hX:8D P3
999 _c1305701
_d1305701